| 000 | 00398nam a22001697a 4500 | ||
|---|---|---|---|
| 003 | SGT | ||
| 020 | _a9789354665691 | ||
| 082 |
_a611 _bH24C |
||
| 100 | _aCHAURASIA, BD | ||
| 245 | _aBD CHAURASIA'S HANDBOOK OF GENERAL ANATOMY | ||
| 250 | _a7TH | ||
| 260 |
_aNEW DELHI _bCBS PUB. _c2024 |
||
| 300 | _a450 | ||
| 650 | _aANATOMY | ||
| 653 | _aGENERAL ANATOMY, ANATOMY, HANDBOOK | ||
| 942 |
_2ddc _cBK |
||
| 999 |
_c29039 _d29039 |
||